L'esprit classique et la préciosité au XVIIe siècle / (Record no. 63695)

MARC details
000 -LEADER
campo de control de longitud fija 00762nam a2200193 i 4500
001 - NÚMERO DE CONTROL
campo de control 63695
003 - IDENTIFICADOR DE NÚMERO DE CONTROL
campo de control ES-MaACL
005 - FECHA Y HORA DE LA ÚLTIMA TRANSACCIÓN
campo de control 20250810063027.0
007 - CAMPO FIJO DE DESCRIPCIÓN FÍSICA--INFORMACIÓN GENERAL
campo de control de longitud fija t|
008 - DATOS DE LONGITUD FIJA--INFORMACIÓN GENERAL
campo de control de longitud fija 031216s1914 fr ||||1| fre d
100 1# - ENTRADA PRINCIPAL--NOMBRE DE PERSONA
Nombre de persona Fidao-Justiniani, Joseph-Émile,
Fechas asociadas al nombre 1875-1950
9 (RLIN) 50690
245 12 - MENCIÓN DEL TÍTULO
Título L'esprit classique et la préciosité au XVIIe siècle /
Mención de responsabilidad, etc. J. E. Fidao-Justiniani ; avec un Discours et un Dialogue inédits de Chapelain sur l'Amour et sur la Gloire.
260 ## - PUBLICACIÓN, DISTRIBUCIÓN, ETC.
Lugar de publicación, distribución, etc. Paris :
Nombre del editor, distribuidor, etc. A. Picard,
Fecha de publicación, distribución, etc. 1914 (
Lugar de fabricación/manufactura Poitiers :
Fabricante Soc. Française d'Imprimerie)
300 ## - DESCRIPCIÓN FÍSICA
Extensión 232 p. ;
Dimensiones 19 cm.
650 #4 - PUNTO DE ACCESO ADICIONAL DE MATERIA--TÉRMINO DE MATERIA
Término de materia o nombre geográfico como elemento de entrada Literatura francesa-
Subdivisión cronológica S.XVII-
Subdivisión general Historia y crítica.
9 (RLIN) 159887
700 0# - ENTRADA AGREGADA--NOMBRE PERSONAL
Nombre de persona André,
Títulos y otros términos asociados al nombre le Chapelain.
9 (RLIN) 38010
852 ## - LOCALIZACIÓN
Ubicación ES-MaACL
Número de control de estantería F-8838
Holdings
Estatus retirado Estado de pérdida Estado de daño No para préstamo Biblioteca de origen Biblioteca actual Ubicación en estantería Fecha de adquisición Fuente de adquisición Total de préstamos Signatura topográfica completa Código de barras Visto por última vez Precio de reemplazo Tipo de ítem Koha
        Biblioteca del Ateneo de Madrid Biblioteca del Ateneo de Madrid Sala Pecera Planta 2 17/01/2008     F-8838 1066755 23/02/2023 23/02/2023 Libro impreso